000 01226cam a2200205 4500
008 011203n2001 000 0 eng u
020 _a0101527721
035 _a(Sirsi) u115811
041 _aeng
050 _a711.74
_c18
110 _aDepartment for Transport, Local Government and the Regions
_94091
245 4 _aThe government's response to the Environment, Transport and the Regional Affairs Committee's report on walking in towns and cities
260 _aLondon
_bStationery Office
_c2001
350 _a7
490 _aCm
_v5277
520 _aGovernment's responses include: ensuring that mixed-use developments offer a realistic choice of access by walking, cycling and public transport; encouraging the provision of day-to-day facilities in local centres within reach by walking; encouraging local authorities to identify key routes and networks for walking and to create more direct and safe walking routes; and the importance of high quality urban design in new developments.
690 _aPROPERTY-INFRASTRUCTURE-TRANSPORT INFRASTRUCTURE
856 _uhttps://www.dft.gov.uk/stellent/groups/dft_susttravel/documents/page/dft_susttravel_503984-01.hcsp
_zView the response at www.dft.gov.uk...
942 _n0
999 _c101793
_d101793